000 01066cam a22002891 4500
001 l 49000001
003 DLC
005 20260227111541.0
008 781207s1948 sz f000 0 eng c
010 _al 49000001
035 _a(OCoLC)4426393
040 _aU.S. Dept., of Labor.
_cMiEM
_dOCoLC
_dDLC
042 _apremarc
050 0 0 _aHD7801
_b.I67 no. 7, pt. 4
110 2 _aInternational Labour Office.
245 1 4 _aThe Sixth International Conference of Labour Statisticians, Montreal, 4 to 12 August 1947.
260 _aGeneva,
_c1948.
300 _aiv, 78 p.
_c24 cm.
490 1 _aIts Studies and reports, new ser.,
_vno. 7. pt. 4
500 _a"Corrigendum" : slip inserted.
650 0 _aStatistics
_vCongresses.
650 0 _aUnemployed
_xStatistics
650 0 _aCost and standard of living
_xStatistics
650 0 _aIndustrial accidents
_xStatistics
711 2 _aInternational Conference of Labour Statisticians
_n(6th :
_d1947 :
_cMontreal, Québec)
810 2 _aInternational Labour Office.
_tStudies and reports, new ser.,
_vno. 7. pt. 4.
999 _c36634
_d36634